[Event "Asian-ch Amateur"]
[Site "Isfahan"]
[Date "2016.11.17"]
[Round "8.4"]
[White "Safari Eskandari, Mojtaba"]
[Black "Kalantari, B."]
[Result "1-0"]
[WhiteElo "2025"]
[BlackElo "2067"]
[PlyCount "77"]
[EventDate "2016.11.12"]
[EventType "swiss"]
[EventRounds "9"]
[EventCountry "IRI"]
[SourceTitle "EXT 2024"]
[Source "ChessBase"]
[SourceDate "2023.10.10"]
[SourceVersion "1"]
[SourceVersionDate "2023.10.10"]
[SourceQuality "1"]

1. Nf3 d5 2. g3 Nf6 3. Bg2 Bf5 4. c4 c6 5. b3 e6 6. 0-0 Be7 7. Bb2 0-0 8. d3 Nbd7 9. Nbd2 a5 10. Re1 h6 11. e4 dxe4 12. dxe4 Bh7 13. e5 Ne8 14. Ne4 Nc5 15. Nxc5 Bxc5 16. Qc1 Nc7 17. Rd1 Qe7 18. Nd2 Rfd8 19. Ne4 Rxd1+ 20. Qxd1 Rd8 21. Qe2 Bxe4 22. Bxe4 Bd4 23. Re1 Bxb2 24. Qxb2 Qb4 25. Re2 Na6 26. a3 Qb6 27. Rd2 Nc5 28. Bb1 Rxd2 29. Qxd2 Nxb3 30. Qd7 g6 31. Bxg6 fxg6 32. Qxe6+ Kf8 33. Qf6+ Ke8 34. Qxg6+ Kd8 35. Qg8+ Ke7 36. Qg7+ Ke8 37. e6 Qd4 38. Qf7+ Kd8 39. e7+ 1-0

[Event "Bushehr Lian op 7th"]
[Site "Bushehr"]
[Date "2015.11.16"]
[Round "9"]
[White "Safari Eskandari, Mojtaba"]
[Black "Samareh Shahpasand, Farshad"]
[Result "0-1"]
[WhiteElo "2047"]
[BlackElo "2079"]
[PlyCount "121"]
[EventDate "2015.11.11"]
[EventType "swiss"]
[EventRounds "9"]
[EventCountry "IRI"]
[SourceTitle "CBM 169 Extra"]
[Source "ChessBase"]
[SourceDate "2015.12.18"]
[SourceVersion "1"]
[SourceVersionDate "2015.12.18"]
[SourceQuality "1"]

1. e4 e5 2. Nf3 Nc6 3. Bc4 Nf6 4. d3 Be7 5. h3 d6 6. c3 0-0 7. Nbd2 Na5 8. Bb5 a6 9. Ba4 b5 10. Bc2 c5 11. Nf1 Nc6 12. Ng3 Re8 13. 0-0 Bf8 14. a4 Rb8 15. axb5 axb5 16. Re1 h6 17. d4 cxd4 18. cxd4 Qc7 19. Be3 Bd7 20. Qd2 Ra8 21. Rec1 Qb7 22. Nh4 exd4 23. Bxd4 Nxd4 24. Qxd4 Rxa1 25. Rxa1 Ra8 26. Rxa8 Qxa8 27. Nhf5 Qa1+ 28. Kh2 Qc1 29. Ne3 Qe1 30. f4 Be6 31. Qd3 g6 32. f5 gxf5 33. Nexf5 Qb4 34. b3 Qc5 35. Kh1 Qe5 36. Nd4 Bd7 37. Ngf5 d5 38. exd5 Qe1+ 39. Kh2 Qe5+ 40. g3 Qxd5 41. Ne3 Qg5 42. Nf3 Qh5 43. Nh4 Bc5 44. Nef5 Bf8 45. Qf1 b4 46. Bd3 Bxf5 47. Bxf5 Qg5 48. Qd3 Qc1 49. Ng2 Bc5 50. g4 Bg1+ 51. Kg3 Qc7+ 52. Kf3 Qh2 53. g5 hxg5 54. Qd2 Qe5 55. Qxg5+ Kf8 56. Nh4 Qd5+ 57. Ke2 Qb5+ 58. Kf3 Qd5+ 59. Ke2 Qb5+ 60. Kf3 Qf1+ 61. Kg3 0-1

[Event "Bushehr Lian op 7th"]
[Site "Bushehr"]
[Date "2015.11.15"]
[Round "7"]
[White "Safari Eskandari, Mojtaba"]
[Black "Barzigar Touchahi, Behrang"]
[Result "1-0"]
[WhiteElo "2047"]
[BlackElo "2185"]
[PlyCount "161"]
[EventDate "2015.11.11"]
[EventType "swiss"]
[EventRounds "9"]
[EventCountry "IRI"]
[SourceTitle "CBM 169 Extra"]
[Source "ChessBase"]
[SourceDate "2015.12.18"]
[SourceVersion "1"]
[SourceVersionDate "2015.12.18"]
[SourceQuality "1"]

1. e4 c6 2. c4 d5 3. exd5 cxd5 4. cxd5 Nf6 5. Nc3 Nxd5 6. Nf3 g6 7. Qb3 Nb6 8. Bb5+ N6d7 9. Ne5 e6 10. 0-0 Bg7 11. d4 0-0 12. Re1 Nxe5 13. dxe5 a6 14. Qa4 Qc7 15. Bf4 Nd7 16. Bf1 Nxe5 17. Qd4 f6 18. Rad1 b5 19. a4 bxa4 20. Nxa4 Bb7 21. Nc5 Bd5 22. Nxa6 Qf7 23. Rc1 Rfc8 24. b4 Qb7 25. Nc5 Qb6 26. b5 Rd8 27. Qe3 Ra2 28. h3 Rda8 29. Qg3 R2a3 30. Re3 Ra1 31. Rec3 Rxc1 32. Rxc1 Qd6 33. Be3 Nf7 34. Qxd6 Nxd6 35. b6 f5 36. Bf4 Bf8 37. Nd7 Be7 38. Nf6+ Kf7 39. Nxd5 exd5 40. Rc7 Ke6 41. b7 Rb8 42. Ba6 d4 43. Rc8 Rxb7 44. Bxb7 Nxb7 45. Rh8 h5 46. Kf1 Nc5 47. Re8 Kf7 48. Rc8 Ne4 49. f3 Nc5 50. Rc6 Nd7 51. Ke2 Bf6 52. Rd6 Ke7 53. Ra6 Kf7 54. Bd6 Ke6 55. Ba3+ Kf7 56. f4 g5 57. fxg5 Bxg5 58. Rd6 Nf6 59. Rxd4 Ne4 60. Bb4 Ke6 61. Be1 Be7 62. Ra4 Bd6 63. Ra8 Kf6 64. Bh4+ Kg7 65. Ke3 Kf7 66. Kd4 Bf4 67. Ra7+ Kg6 68. Ra6+ Kg7 69. g4 hxg4 70. hxg4 Nd6 71. Be7 Nb5+ 72. Kc5 Nc7 73. Ra5 fxg4 74. Kd4 Kf7 75. Bc5 Kf6 76. Ke4 Ne6 77. Ra6 Kf7 78. Bg1 Bb8 79. Kf5 Nc7 80. Rb6 Ba7 81. Rf6+ 1-0

[Event "Kerman Navabi Memorial op 2nd"]
[Site "Kerman"]
[Date "2013.08.30"]
[Round "6"]
[White "Safari Eskandari, Mojtaba"]
[Black "Behravan, Shahriyar"]
[Result "1-0"]
[WhiteElo "1972"]
[BlackElo "1835"]
[PlyCount "83"]
[EventDate "2013.08.27"]
[EventType "swiss"]
[EventRounds "9"]
[EventCountry "IRI"]
[SourceTitle "EXT 2014"]
[Source "ChessBase"]
[SourceDate "2013.11.20"]
[SourceVersion "1"]
[SourceVersionDate "2013.11.20"]
[SourceQuality "1"]

1. e4 c5 2. c3 d6 3. d4 cxd4 4. cxd4 g6 5. Nf3 Bg7 6. Bc4 e6 7. 0-0 Ne7 8. Bg5 0-0 9. Nc3 a6 10. a4 Nbc6 11. Qd2 Qc7 12. Ba2 e5 13. Rac1 Qd7 14. Bh6 Nd8 15. Bxg7 Kxg7 16. dxe5 dxe5 17. Qxd7 Bxd7 18. Nxe5 Be6 19. Nd5 Ndc6 20. Nxc6 Nxc6 21. Rfd1 Rac8 22. Bc4 Ne5 23. Be2 Rxc1 24. Rxc1 Rc8 25. Nc7 Kg8 26. Rc3 Bd7 27. f4 Bg4 28. Bf1 Nd7 29. a5 Nf8 30. h3 Bd7 31. Kf2 Ne6 32. Nxe6 Rxc3 33. bxc3 fxe6 34. Ke3 Kf7 35. Kd4 Bc6 36. Bc4 Kf6 37. g4 Ke7 38. Ke5 Bd7 39. h4 h6 40. Bb3 Bc8 41. Ba4 Kf7 42. Kd6 1-0

[Event "Kerman Navabi Memorial op 2nd"]
[Site "Kerman"]
[Date "2013.08.29"]
[Round "5"]
[White "Samareh Shahpasand, Farshad"]
[Black "Safari Eskandari, Mojtaba"]
[Result "1-0"]
[WhiteElo "2040"]
[BlackElo "1972"]
[PlyCount "109"]
[EventDate "2013.08.27"]
[EventType "swiss"]
[EventRounds "9"]
[EventCountry "IRI"]
[SourceTitle "EXT 2014"]
[Source "ChessBase"]
[SourceDate "2013.11.20"]
[SourceVersion "1"]
[SourceVersionDate "2013.11.20"]
[SourceQuality "1"]

1. e4 e5 2. Nf3 Nf6 3. Nxe5 d6 4. Nf3 Nxe4 5. d4 Be7 6. Bd3 d5 7. 0-0 0-0 8. c4 Bg4 9. Re1 Nf6 10. Nc3 Nc6 11. cxd5 Nxd4 12. Bxh7+ Nxh7 13. Qxd4 Bxf3 14. gxf3 Bf6 15. Qc4 Qd7 16. Bf4 Rac8 17. Kg2 Rfd8 18. Rad1 a6 19. Re2 Qf5 20. Bg3 Rd7 21. Red2 Rcd8 22. Qg4 Qxg4 23. fxg4 Bxc3 24. bxc3 Nf6 25. Kf3 Rxd5 26. Rxd5 Rxd5 27. Rxd5 Nxd5 28. c4 Nc3 29. Bxc7 Nxa2 30. Ba5 Nc1 31. Ke3 Nb3 32. Bb6 a5 33. Kd3 a4 34. Kc3 Kf8 35. Kb4 Nd2 36. Be3 Nf3 37. h3 Ke8 38. Kxa4 Kd7 39. Kb5 Ng1 40. Kb6 Kc8 41. f4 Nxh3 42. Kc5 Kd7 43. Kd5 f6 44. Ke4 Ke6 45. Kf3 g5 46. f5+ Ke5 47. Ba7 Kd6 48. Kg3 Nf4 49. Bb8+ Ke7 50. Bxf4 gxf4+ 51. Kxf4 b6 52. g5 fxg5+ 53. Kxg5 Kf7 54. f6 Kf8 55. Kg6 1-0

[Event "Esfahan Zenderood op 3rd"]
[Site "Esfahan"]
[Date "2011.09.08"]
[Round "9"]
[White "Safari Eskandari, Mojtaba"]
[Black "Darban Vaighani, Morteza"]
[Result "0-1"]
[WhiteElo "2014"]
[BlackElo "2349"]
[PlyCount "103"]
[EventDate "2011.09.02"]
[EventType "swiss"]
[EventRounds "9"]
[EventCountry "IRI"]
[SourceTitle "CBM 144 Extra"]
[Source "ChessBase"]
[SourceDate "2011.10.28"]
[SourceVersion "1"]
[SourceVersionDate "2011.10.28"]
[SourceQuality "1"]

1. Nf3 g6 2. d4 Bg7 3. c3 d6 4. e3 Nf6 5. Be2 0-0 6. 0-0 Nbd7 7. b3 e5 8. Ba3 Re8 9. Nbd2 e4 10. Ne1 Nf8 11. Rc1 h5 12. c4 N8h7 13. Nc2 Ng4 14. Qe1 Nhf6 15. Bb2 c6 16. Bd1 Qc7 17. h3 Nh6 18. f3 exf3 19. Bxf3 Bf5 20. Qf2 Bd3 21. Rfe1 Ne4 22. Bxe4 Bxe4 23. Qf4 f5 24. c5 Nf7 25. Nc4 Rad8 26. Ba3 Bf8 27. Qg3 Kh7 28. cxd6 Nxd6 29. Ne5 Qg7 30. Re2 Qf6 31. Ne1 Bd5 32. Bxd6 Bxd6 33. N5d3 Re7 34. Nf4 Rg8 35. Nf3 Bxf3 36. Qxf3 Rge8 37. Kh1 Re4 38. g3 h4 39. Ng2 hxg3 40. Rd2 Kg7 41. Kg1 g5 42. Rf1 Kg6 43. Rc2 Qe6 44. Rc5 Bxc5 45. dxc5 Rxe3 46. Qd1 Re2 47. h4 Rxg2+ 48. Kxg2 gxh4 49. Kh3 f4+ 50. Qg4+ Qxg4+ 51. Kxg4 h3 52. Kxh3 0-1

[Event "Esfahan Zenderood op 3rd"]
[Site "Esfahan"]
[Date "2011.09.05"]
[Round "6"]
[White "Avetisian, Manvel"]
[Black "Safari Eskandari, Mojtaba"]
[Result "1/2-1/2"]
[WhiteElo "2276"]
[BlackElo "2014"]
[PlyCount "75"]
[EventDate "2011.09.02"]
[EventType "swiss"]
[EventRounds "9"]
[EventCountry "IRI"]
[SourceTitle "CBM 144 Extra"]
[Source "ChessBase"]
[SourceDate "2011.10.28"]
[SourceVersion "1"]
[SourceVersionDate "2011.10.28"]
[SourceQuality "1"]

1. d4 Nf6 2. c4 e6 3. Nc3 b6 4. a3 Bb7 5. Nf3 d5 6. Bg5 Be7 7. Qa4+ Bc6 8. Qb3 0-0 9. Bxf6 Bxf6 10. cxd5 Bxd5 11. Nxd5 Qxd5 12. Qxd5 exd5 13. 0-0-0 Rd8 14. e3 c5 15. dxc5 bxc5 16. Bb5 a6 17. Ba4 Ra7 18. Rd2 d4 19. exd4 cxd4 20. Kb1 Nd7 21. Bxd7 Raxd7 22. Rhd1 h5 23. g3 g5 24. Ne1 Rd5 25. Nd3 a5 26. Rc2 Rb8 27. Rc5 Rxc5 28. Nxc5 Be7 29. Na4 Bxa3 30. Kc2 Bb4 31. Rxd4 Rb5 32. Nc3 Re5 33. Kd3 g4 34. Rd5 Bxc3 35. Rd8+ Kg7 36. bxc3 Kf6 37. Ra8 Rf5 38. Ke2 1/2-1/2

[Event "Esfahan Zenderood op 3rd"]
[Site "Esfahan"]
[Date "2011.09.03"]
[Round "3"]
[White "Safari Eskandari, Mojtaba"]
[Black "Javanbakht, Nima"]
[Result "0-1"]
[WhiteElo "2014"]
[BlackElo "2311"]
[PlyCount "54"]
[EventDate "2011.09.02"]
[EventType "swiss"]
[EventRounds "9"]
[EventCountry "IRI"]
[SourceTitle "CBM 144 Extra"]
[Source "ChessBase"]
[SourceDate "2011.10.28"]
[SourceVersion "1"]
[SourceVersionDate "2011.10.28"]
[SourceQuality "1"]

1. e4 c5 2. c3 d5 3. exd5 Qxd5 4. Na3 Nc6 5. Nf3 Bg4 6. Be2 e5 7. Nc2 Qd7 8. Ne3 e4 9. Ng5 Bxe2 10. Qxe2 Nf6 11. f3 exf3 12. Nxf3 0-0-0 13. 0-0 Bd6 14. d4 Rhe8 15. Qc2 Re4 16. Rd1 cxd4 17. cxd4 Kb8 18. a3 Rde8 19. Rd3 Ng4 20. Nf1 Nxd4 21. Rxd4 Rxd4 22. h3 Rc8 23. Qe2 Bc5 24. Kh1 Re4 25. Ne5 Qd4 26. Nf3 Rxe2 27. Nxd4 Nf2+ 0-1